000
00300nam a2200133 4500
008
181102b xxu||||| |||| 00| 0 eng d
020
_a
0721654967
041
_a
eng
080
_2
10th
_a
159.9
100
_a
49
101
_a
PSI
245
_a
Modern Clinical Psychiatry
_c
Kolb,L.C
942
_2
ddc
_c
BK
999
_c
51638
_d
51638